000 00213nam a22000857a 4500
008 170121b xxu||||| |||| 00| 0 eng d
100 _92521
_aBose.N.
245 _aThe Perfume of Promise
260 _aNew Delhi
_bLifi
_c2013
999 _c5605
_d5605